000
00287nam a22001337a 4500
008
170614b xxu||||| |||| 00| 0 eng d
020
_a
9780130208729
041
_a
eng
080
_a
32
100
_a
19
101
_a
shp
245
_a
POLITICAL SCIENCE
_c
ROSKIN, M.G
942
_2
udc
_c
BK
999
_c
17339
_d
17339